000 00557nam a2200193Ia 4500
003 GCL
008 140319s9999 xx 000 0 ara d
040 _aGCL /
_cGCL
082 0 4 _a822.008
_bش م
100 1 _aشكسبير، ويليام
245 1 0 _aالملك لير /
_cشكسبير، ويليام
700 1 _aفاطمة موسى
300 _a142 ص
490 _aمسرحيات عالمية
_v0
650 0 4 _aالادب
650 0 4 _aالادب الانجليزى
650 0 4 _aالادب الانجليزى المترجم
942 _2ddc
_cBK
999 _c40660
_d40660